Los problemas económicos del desarrollo en Costa Rica /

Spremljeno u:
Bibliografski detalji
Glavni autor: Barahona Streber, Oscar
Daljnji autori: Vargas Peralta, Federico Trejos Fernández, José Joaquín Lizano Fait, Eduardo Naranjo Villalobos, Fernando Garnier Rímolo, Leonardo
Format: Tekst
Izdano: San José: UNA.UCID. EUNED
Oznake: Dodaj oznaku
Bez oznaka, Budi prvi tko označuje ovaj zapis!

MARC

LEADER 00000 a a2200000 04500
001 23876
003
040
090 |a 165000  
100 |a Barahona Streber, Oscar  
245 |a Los problemas económicos del desarrollo en Costa Rica /  |c Oscar Barahona Streber 
260 |a San José:   |b UNA.UCID. EUNED  
300 |a 230 p.   |b **no definido**   |b il.  
700 |a Vargas Peralta, Federico   |a Trejos Fernández, José Joaquín   |a Lizano Fait, Eduardo   |a Naranjo Villalobos, Fernando   |a Garnier Rímolo, Leonardo  
999 |c 13075  |d 13075